Analýza nezamestnanosti a jej makroekonomických dopadov
Analýza nezamestnanosti v SR založenej na ekonometrickom prístupe ECM. Ako kľúčové determinanty vývoja zamestnanosti sú použité endogénne stanovená reálna mzda vyjadrená ako podiel nominálnej mzdy a indexu cien priemyselných výrobcov a reálny HDP.
Salvato in:
| Autore principale: | |
|---|---|
| Natura: | Capitolo di libro |
| Lingua: | slovacco |
| Soggetti: | |
| Tags: |
Nessun Tag, puoi essere il primo ad aggiungerne!!
|
MARC
| LEADER | 00000nla a2200000 4500 | ||
|---|---|---|---|
| 001 | 0180516 | ||
| 005 | 20240502073058.3 | ||
| 041 | 0 | |a slo | |
| 044 | |a SK | ||
| 245 | 1 | 0 | |a Analýza nezamestnanosti a jej makroekonomických dopadov |c Brian König |
| 520 | |a Analýza nezamestnanosti v SR založenej na ekonometrickom prístupe ECM. Ako kľúčové determinanty vývoja zamestnanosti sú použité endogénne stanovená reálna mzda vyjadrená ako podiel nominálnej mzdy a indexu cien priemyselných výrobcov a reálny HDP. | ||
| 610 | 2 | 0 | |a nezamestnanosť |
| 610 | 2 | 0 | |a miera nezamestnanosti |
| 610 | 2 | 0 | |a zamestnanosť |
| 610 | 2 | 0 | |a analýzy |
| 610 | 2 | 0 | |a ukazovatele makroekonomické |
| 610 | 2 | 0 | |a modely ekonomické |
| 100 | 1 | |a König, Brian, 1983- | |